000 00187nam a22000857a 4500
008 161015b xxu||||| |||| 00| 0 eng d
100 _9848
_aHindi
245 _aHindi Story Book
260 _b2004
999 _c3498
_d3498